El derecho y la globalización desde abajo: hacia una legalidad cosmopolita
Gardado en:
| Main Authors: | , |
|---|---|
| Formato: | Libro |
| Idioma: | Lingua castelá |
| Publicado: |
Barcelona
Anthropos
2007
|
| Edición: | 1a. ed |
| Series: | Libros de la Revista Anthropos
|
| Subjects: | |
| Tags: |
Engadir etiqueta
Sen Etiquetas, Sexa o primeiro en etiquetar este rexistro!
|
MARC
| LEADER | 00000nam a2200000 a 4500 | ||
|---|---|---|---|
| 001 | UCI4331 | ||
| 003 | CL-VaPUC | ||
| 008 | 080111e20070000SP |||||||||||||||||spa|d | ||
| 020 | |a 9788476588345 | ||
| 082 | 0 | 4 | |a 303.4 |b SAN |2 21 |
| 100 | 0 | |a Santos, Boaventura de Sousa |e author |9 526163 | |
| 700 | 0 | |a Rodríguez Garavito, César A |e author |9 526164 | |
| 245 | 1 | 3 | |a El derecho y la globalización desde abajo: hacia una legalidad cosmopolita |
| 250 | |a 1a. ed | ||
| 300 | |a 351 p | ||
| 942 | |c BK | ||
| 945 | |d 20080111 00:00:00 |a jtorresc | ||
| 260 | |a Barcelona |b Anthropos |c 2007 | ||
| 650 | 0 | |a Globalización |9 361930 | |
| 650 | 0 | |a Aspectos legales |9 323328 | |
| 650 | 0 | |a Derecho internacional privado |9 256361 | |
| 650 | 0 | |a Justicia social |9 314874 | |
| 650 | 0 | |a Política social |9 257588 | |
| 650 | 0 | |a Desarrollo social |9 264534 | |
| 650 | 0 | |a Recursos humanos |9 228420 | |
| 650 | 7 | |a ECONOMIA GLOBAL |2 CL-VaPUC |9 407077 | |
| 583 | |a last modification |c 20080111 00:00:00 |k Rodrigo Vera | ||
| 490 | 0 | |a Libros de la Revista Anthropos | |
| 999 | |c 328285 |d 328283 | ||
| 952 | |0 0 |1 0 |4 0 |6 303_400000000000000_SAN_2007 |7 0 |8 A |9 412114 |a BIBDER |b BIBDER |d 2019-11-22 |i 4400259 |o 303.4 SAN 2007 |p 4400259 |r 2023-01-25 |w 2019-11-22 |y BK |k DER | ||